000 01804nam a2200409 a 4500
005 20240507120916.0
008 101001t1992||||ag f |||| 001 0 spa d
020 _a9509428167
041 _aspa
092 _c152
_l77
_sSCH
100 1 _aSchávelzon, José
_93778
245 _aPsique. Cancerología.
_bPsicología. Psicoterapia. Psicofarmacos /
_cJosé Schávelzon
250 _a1a ed.
_bPrólogo de Henry Laborit
260 _aBuenos Aires:
_bCientífica Interamericana;
_c1992.
300 _a368 p.
500 _aSchavelzon, J. (1992). Psique. Cancerología. Psicología. Psicoterapia. Psicofarmacos. (1a ed.). Buenos Aires : Científica Interamericana.
653 _aPrevalencia de trastornos emocionales en pacientes con cáncer
653 _aEtiología. Facores que determinan la situación emocional
653 _aSintomatología y tratamiento
653 _aPsicofármacos. Definición e historia
653 _aPsicofármacos. Clasificación
653 _aConcepto de inhibición en acción
653 _aRespuesta del paciente a la administración de un psicofármaco
653 _aTratamiento de las nauseas y vómitos
653 _aDolor
653 _aDesnutrición, anorexia y astenia
653 _aPsicoterapia y pasicofármacos en oncología
653 _aInformación en cancerología. La comunicación
653 _aDesadaptación efectiva. Sexualidad y cáncer
653 _aMitos. El contagio del cáncer. Los privilegios
653 _aAnexo 1: Los modelos de enfermedad
653 _aAnexo 2: El paciente que se queja de dolor y su entorno.
653 _aAnexo 3: El hombre como unidad psicosomática
653 _aAnexo 4: Un modelo psicosomático y psicosocial: Freud
653 _aAnexo 5: Personalidad premórbida y cáncer
942 _2ddc
_cBK
999 _c2194
_d2194